000 00821 a2200217 4500
010 _aENG-85178
020 _a8189422049
_c500.00
035 _aEN-68711
037 _bD.B.Act / Pub
082 1 4 _a635
090 _c1631
_d1631
100 1 _aKumar, N
245 0 4 _aBreeding of horticultural crops
_bprinciples and practice
_cby N. Kumar
260 _aNew Delhi
_bNew India Publishing Agency,
_c2006
270 _a101, Vikas Surya Plaza, CU Block, LSC Mkt., Pitam Pura
_bDelhi
_cDelhi
_e110034
_k011-27341717
_l011-27341616
_mspjain_niph@rediffmail.com
300 _axi, 202p
_c22 cm. (Hb)
500 _aIncludes bibliographical references and index
650 0 _aHorticultural crops
_xBreeding
942 _adpl
_cEN
_k635 / KUM
999 _c1602
_d1602